00687nam a2200193Ia 4500003000900000005001700009008004100026020001800067040001600085080002100101245015700122260003700279300000900316650004800325650004100373700002500414700002400439700003000463IN-BaIIA20230707112913.0211028s9999 xx 000 0 eng d a0-8243-2021-2 cIIA Library a047.1:53bARE-21 0aAnnual review of earth and planetary sciencescedited by George W. Wetherill, Arden L. Albee and Kevin C.Burke  aCaliforniabAnnual Reviewsc1993 a588p aAnnual Reviews-Earth and Planetary Sciences aAstronomy and Astrophysics Thesaurus aAlbee, Arden L., ed. aBurke, Kevin C. ed. aWetherill, George W., ed.